000 00691nam a2200181 u 4500
001 000238401
003 AM-YeHGA
005 20250617124723.0
008 030623s1982 ||||||||||||||||||||rus d
040 _aAM-YeHGA
100 1 _aМалков, Виктор Павлович
245 1 0 _aМножественность преступлений и ее формы по советскому праву /
_cВ.П. Малков ; Науч. ред. Ф.Р. Сундуров.
260 _aКазань :
_bИзд-во Казанского ун-та,
_c1982.
300 _a173 с.
650 1 4 _aУголовное право
700 1 _aСундуров, Ф.Р.
_eред.
_4edt
090 _c85647
999 _c84370
_d84370